A guide to seashore life
| Main Author: | |
|---|---|
| Other Authors: | |
| Format: | Book |
| Published: |
Singapore :
Singapore Science Centre ,
1995
|
| Subjects: |
MARC
| LEADER | 00000cam a2200000 7i4500 | ||
|---|---|---|---|
| 001 | 0000000220 | ||
| 005 | 20000721.0 | ||
| 020 | 0 | 0 | |a 9810002548 |
| 090 | 0 | 0 | |a 578.7699 |b TAN 1995 |
| 100 | 1 | 0 | |a TAN |h Leo W. H. |
| 245 | 1 | 2 | |a A guide to seashore life |c by Leo W.H. Tan and Peter K.L. Ng |
| 260 | 0 | 0 | |a Singapore : |b Singapore Science Centre , |c 1995 |
| 300 | |a 159 p. : |b col. ill. ; |c 16 cm. | ||
| 650 | 0 | 0 | |a Seashore |
| 650 | 0 | 0 | |a Seashore biology |
| 700 | 0 | 1 | |a Ng |h Peter K.L. |
| 999 | |a 0000001099 |b Monograph |c Open Shelf |e Default branch | ||